[Event "ch-Africa"]
[Site "Tripoli LBA"]
[Date "2009.07.21"]
[Round "1"]
[White "Arab,A"]
[Black "Salem,AliM"]
[Result "1-0"]
[WhiteElo "2432"]
[BlackElo "2131"]

1.d4 d5 2.c4 e6 3.Nc3 c6 4.e3 Nf6 5.Nf3 Nbd7 6.Bd3 dxc4 7.Bxc4 b5 8.Bd3 Bb7
9.e4 b4 10.Na4 c5 11.e5 Nd5 12.O-O cxd4 13.Re1 Be7 14.Nxd4 O-O 15.Qh5 g6
16.Qg4 N7b6 17.Nxb6 Qxb6 18.Nf3 Qd8 19.Bh6 f5 20.exf6 Rxf6 21.Bg5 Rf7 22.Rad1 Qb6
23.Qxe6 Qxe6 24.Rxe6 Rxf3 25.Bxe7 Rxd3 26.Rxd3 Re8 27.Re5 Nxe7 28.Rd7 Rc8
29.Rdxe7 Bd5 30.Re8+ Rxe8 31.Rxe8+ Kf7 32.Rb8 Bxa2 33.Rxb4  1-0

[Event "ch-Africa"]
[Site "Tripoli LBA"]
[Date "2009.07.21"]
[Round "1"]
[White "Nyazi,N"]
[Black "Simutowe,A"]
[Result "0-1"]
[WhiteElo "2237"]
[BlackElo "2481"]

1.d4 Nf6 2.c4 c6 3.Nc3 d5 4.e3 e6 5.Nf3 Nbd7 6.Bd3 Be7 7.O-O O-O 8.e4 dxe4
9.Nxe4 b6 10.Qe2 Bb7 11.Bg5 Re8 12.Rad1 Nxe4 13.Bxe7 Qxe7 14.Qxe4 Nf6 15.Qh4 c5
16.Rfe1 Bxf3 17.gxf3 cxd4 18.Qxd4 Nh5 19.Re5 g6 20.Qg4 Kh8 21.Kh1 Rad8 22.f4 Qf6
23.Rxh5 gxh5 24.Qxh5 h6  0-1

[Event "Najdorf Mem Open"]
[Site "Warsaw POL"]
[Date "2009.07.21"]
[Round "4"]
[White "Czarnota,P"]
[Black "Krysztofiak,M"]
[Result "1-0"]
[WhiteElo "2530"]
[BlackElo "2427"]

1.Nf3 Nf6 2.c4 c6 3.Nc3 d5 4.e3 e6 5.d4 a6 6.Bd3 dxc4 7.Bxc4 b5 8.Bd3 c5
9.a4 b4 10.Ne4 Nbd7 11.O-O Bb7 12.Ned2 Be7 13.Qe2 O-O 14.a5 Qc7 15.Re1 Rfd8
16.e4 Nh5 17.Nc4 Nf4 18.Bxf4 Qxf4 19.d5 exd5 20.exd5 Bf8 21.Rad1 g6 22.g3 Qg4
23.Ne3 Qh5 24.Nd2 Qxe2 25.Bxe2 Bh6 26.Ndc4 Bxe3 27.fxe3 Nf6 28.Nb6 Rab8 29.Bf3 Nd7
30.Nc4 f5 31.e4 fxe4 32.Rxe4 Nf6 33.Re5 Re8 34.Rxe8+ Nxe8 35.Kf2 Rd8 36.Nb6 Nf6
37.Rc1 Nd7 38.Nxd7 Rxd7 39.Rxc5 Kf8 40.Ke3 Ke7 41.Kd4 Kd6 42.Rc4 Rf7 43.Rxb4 Rxf3
44.Rxb7 Rf2 45.Rb6+ Kd7 46.b4 Rxh2 47.Rxa6 Rh3 48.Kc5 Rxg3 49.Ra7+  1-0

[Event "Najdorf Mem Open"]
[Site "Warsaw POL"]
[Date "2009.07.21"]
[Round "4"]
[White "Brodsky,M"]
[Black "Staniszewski,Pi"]
[Result "1-0"]
[WhiteElo "2522"]
[BlackElo "2383"]

1.d4 d5 2.c4 c6 3.Nf3 Nf6 4.Nc3 e6 5.e3 Nbd7 6.Bd3 dxc4 7.Bxc4 b5 8.Bd3 Bd6
9.O-O O-O 10.a3 Re8 11.h3 e5 12.e4 exd4 13.Nxd4 Ne5 14.Be2 b4 15.axb4 Bxb4
16.Bf4 Ng6 17.Be3 Bd7 18.Bd3 Ne5 19.Bc2 Nc4 20.Bc1 Qc7 21.Nde2 Nh5 22.Qd3 Ne5
23.Qe3 Ng6 24.f4 Nf6 25.Qf2 a5 26.Be3 Rab8 27.Rab1 Bc8 28.Bd3 Rd8 29.Rfd1 Be6
30.Bc2 Bc4 31.Rxd8+ Qxd8 32.b3 Ba6 33.Rd1 Qc7 34.Kh1 Rd8 35.Rc1 Qe7 36.e5 Nd5
37.Nxd5 cxd5 38.Nd4 Rc8 39.Rd1 Nf8 40.Bf5 Rc3 41.Bd2 Rc7 42.Bg4 Ng6 43.e6 fxe6
44.Bxe6+ Kh8 45.Bxb4 axb4 46.Ra1 Qd6 47.f5 Nf8 48.Qa2 Bd3 49.Qa8 h6 50.Bxd5 Kh7
51.Ne6 Nxe6 52.Bxe6 h5 53.h4 g6 54.Qg8+ Kh6 55.Qxg6+  1-0

[Event "Najdorf Mem Open"]
[Site "Warsaw POL"]
[Date "2009.07.21"]
[Round "4"]
[White "Nedilko,V"]
[Black "Czarnota,D"]
[Result "1/2-1/2"]
[WhiteElo "2414"]
[BlackElo "2208"]

1.d4 d5 2.c4 c6 3.Nf3 Nf6 4.Nc3 e6 5.e3 Nbd7 6.Bd3 dxc4 7.Bxc4 b5 8.Bd3 Bb7
9.e4 b4 10.Na4 c5 11.e5 Nd5 12.O-O cxd4 13.Re1 h6 14.Nxd4 Be7 15.Nxe6 fxe6
16.Bg6+ Kf8 17.Qf3+ N5f6 18.Qxb7 Nxe5 19.Bc2 Qc8 20.Qxc8+ Rxc8 21.Re2 Kf7
22.Bb3 Nc4 23.Be3 Nxe3 24.Rxe3 Nd5 25.Re4 Rhd8 26.Rae1 Rc6 27.g3 a5 28.Bc4 Bf6
29.Bb5 Rc2 30.Bc4 Nc7 31.Bb3 Rc6 32.R1e2 Rd4 33.Kg2 Rxe4 34.Rxe4 Nb5 35.Bc4 Nd4
36.b3 Ke7 37.f4 Kd6 38.Nb2 e5 39.Nd3 exf4 40.Nxf4 a4 41.Nd5 Rxc4 42.bxc4 Kc5
43.Nxf6 gxf6 44.Kh3 f5 45.Rf4 b3 46.axb3 axb3 47.Kh4 b2 48.Rf1 Kxc4 49.Kh5 Nf3
50.Rb1 Kc3 51.Kxh6 Nxh2  1/2-1/2

[Event "Politiken Cup"]
[Site "Helsingor DEN"]
[Date "2009.07.22"]
[Round "6"]
[White "Matthiesen,M"]
[Black "Haarr,J"]
[Result "1-0"]
[WhiteElo "2305"]
[BlackElo "2110"]

1.d4 d5 2.c4 c6 3.Nf3 Nf6 4.e3 e6 5.Nc3 Nbd7 6.Qc2 Bd6 7.b3 a6 8.Be2 b5 9.O-O b4
10.Na4 Qc7 11.a3 bxa3 12.Bxa3 Ne4 13.Rfc1 Bb7 14.Bxd6 Qxd6 15.c5 Qc7 16.Nc3 f5
17.b4 O-O 18.Nxe4 fxe4 19.Ng5 Rf6 20.f4 Nf8 21.Qd2 h6 22.Nh3 Nh7 23.Nf2 Rff8
24.Kh1 g5 25.g3 Nf6 26.Ra3 gxf4 27.exf4 Qh7 28.g4 Nd7 29.Nh3 Nf6 30.Rg1 Kh8
31.Nf2 Ng8 32.g5 Qf5 33.Rg4 a5 34.Rxa5 hxg5 35.Rxa8 Bxa8 36.Qe3 Rf7 37.Nh3 gxf4
38.Rxf4 Qg6 39.Rg4 Qf6 40.Rf4 Qg6 41.Rg4 Qf6 42.Ng5 Re7 43.Rh4+ Kg7 44.Rh7+ Kf8
45.Qg3 e5 46.dxe5 Qxe5 47.Rf7+ Ke8 48.Rxe7+ Qxe7 49.Qb8+ Qd8 50.Bh5+ Kd7
51.Qd6+ Kc8 52.Bg4+ Kb7 53.Qxd8 Nh6 54.Qb6+  1-0

[Event "Politiken Cup"]
[Site "Helsingor DEN"]
[Date "2009.07.22"]
[Round "6"]
[White "Henrichsen,J"]
[Black "Rasmussen,O"]
[Result "1-0"]
[WhiteElo "1963"]
[BlackElo "1751"]

1.d4 Nf6 2.c4 e6 3.Nc3 d5 4.Nf3 c6 5.e3 Nbd7 6.Bd3 dxc4 7.Bxc4 Be7 8.e4 O-O
9.e5 Nd5 10.Ne4 b5 11.Bd3 c5 12.dxc5 Nxc5 13.Nxc5 Bxc5 14.Bxh7+ Kh8 15.Be4 Bb4+
16.Nd2 Qh4 17.Qf3 Bb7 18.a3 Be7 19.Qg3 g6 20.Qxh4+ Bxh4 21.Nf3 Be7 22.h4 Kg7
23.Bg5 Bxg5 24.Nxg5 Rh8 25.Rc1 Rac8 26.Rxc8 Rxc8 27.O-O Rc7 28.g3 a5 29.Rd1 b4
30.axb4 axb4 31.Kf1 Ba6+ 32.Bd3 Bxd3+ 33.Rxd3 Rc2 34.Rb3 Rc4 35.Ke2 Rc2+
36.Ke1 Rc1+ 37.Ke2 Rc2+ 38.Ke1 Rc1+ 39.Kd2 Rf1 40.Rf3  1-0

[Event "Quebec Open"]
[Site "Montreal CAN"]
[Date "2009.07.22"]
[Round "6"]
[White "Kovalyov,A"]
[Black "Georgiev,Vl"]
[Result "1/2-1/2"]
[WhiteElo "2557"]
[BlackElo "2530"]

1.Nf3 d5 2.d4 Nf6 3.c4 e6 4.Nc3 c6 5.e3 a6 6.c5 Nbd7 7.b4 g6 8.Bb2 Bg7 9.Be2 O-O
10.O-O Qc7 11.Na4 Ne4 12.Bd3 a5 13.b5 e5 14.b6 Qd8 15.Bxe4 dxe4 16.Nxe5 Nxe5
17.dxe5 Qg5 18.Qc2 Bxe5 19.Bxe5 Qxe5 20.Rad1 Re8 21.Rd4 Qg5 22.Kh1 Bg4 23.Qc4 Be6
24.Qc2 Bg4 25.Qc4 Be6 26.Qc2  1/2-1/2

[Event "2nd Open"]
[Site "Paleohora GRE"]
[Date "2009.07.22"]
[Round "2"]
[White "Banikas,H"]
[Black "Stavrianakis,I"]
[Result "1-0"]
[WhiteElo "2598"]
[BlackElo "2240"]

1.c4 Nf6 2.Nc3 e6 3.Nf3 d5 4.d4 c6 5.e3 Nbd7 6.Qc2 Bd6 7.Bd3 dxc4 8.Bxc4 b5
9.Bd3 Bb7 10.O-O O-O 11.Ng5 Bxh2+ 12.Kxh2 Ng4+ 13.Kg1 Qxg5 14.f3 Ngf6 15.e4 Qh4
16.Be3 e5 17.Ne2 Nh5 18.Qd2 Qd8 19.Rac1 a6 20.Bb1 Rc8 21.Rfd1 Qc7 22.d5 c5
23.g4 Nhf6 24.Ng3 g6 25.d6 Qb8 26.Bh6 Rfd8 27.Nf5 c4 28.Ne7+ Kh8 29.Nxc8 Rxc8
30.b3 Nb6 31.Be3 Bc6 32.Kg2 Nfd7 33.Rh1 Qb7 34.Bxb6 Qxb6 35.bxc4 b4 36.c5 Qb7
37.Rxh7+  1-0

[Event "2nd Open"]
[Site "Paleohora GRE"]
[Date "2009.07.22"]
[Round "2"]
[White "Neverov,V"]
[Black "Delabaca,R"]
[Result "1-0"]
[WhiteElo "2561"]
[BlackElo "2212"]

1.d4 d5 2.c4 c6 3.Nf3 Nf6 4.Nc3 e6 5.e3 Nbd7 6.Qc2 Bd6 7.b3 O-O 8.Be2 b6
9.O-O Bb7 10.Bb2 Qe7 11.Rad1 Rad8 12.Rfe1 Rfe8 13.Bf1 e5 14.dxe5 Nxe5 15.Nd4 g6
16.cxd5 cxd5 17.f3 Rc8 18.Rc1 Bb8 19.Qd2 a6 20.Nce2 Qd6 21.g3 h5 22.Nf4 Qe7
23.Bg2 Bd6 24.Nd3 Ned7 25.Rxc8 Rxc8 26.Ne2 Ne5 27.Nxe5 Bxe5 28.Bxe5 Qxe5
29.Rc1 Rc5 30.b4 Rxc1+ 31.Qxc1 Kg7 32.Nd4 Ne8 33.Bf1 Qe7 34.Qc3 Kg8 35.Kf2 Qc7
36.Qa3 Qc8 37.b5 axb5 38.Qe7 Bc6 39.a3 Qd7 40.Qe5 Nc7 41.Bd3 Ne8 42.h3 Nd6
43.Qf6 Bb7 44.g4 hxg4 45.hxg4 Nc8 46.Bxg6 fxg6 47.Ne6 Qe7 48.Qxg6+ Kh8 49.Qh6+ Kg8
50.Qg6+ Kh8 51.Ng5 Nd6 52.Qxd6 Qxg5 53.Qb8+ Kh7 54.Qxb7+ Kh8 55.Qxb6 Qh4+
56.Kg2 Qe1 57.Qd4+ Kh7 58.Qxd5  1-0

[Event "Synthesia Rapid Open"]
[Site "Pardubice CZE"]
[Date "2009.07.22"]
[Round "1"]
[White "Arutinian,D"]
[Black "Loucek,V"]
[Result "1-0"]
[WhiteElo "2526"]
[BlackElo "2250"]

1.d4 Nf6 2.c4 e6 3.Nf3 d5 4.Nc3 c6 5.e3 Nbd7 6.Bd3 dxc4 7.Bxc4 b5 8.Bd3 Bb7
9.Qe2 b4 10.Ne4 Nxe4 11.Bxe4 Qb6 12.Nd2 Be7 13.O-O O-O 14.b3 c5 15.Bb2 Bxe4
16.Nxe4 Rac8 17.Rfd1 Qc6 18.Nxc5 Nxc5 19.dxc5 Bxc5 20.Qg4 f6 21.Rac1 Qb6
22.Rd7 Rf7 23.Rxf7 Kxf7 24.Bd4 g6 25.Qh4 e5 26.Qxh7+ Ke6 27.Bxc5 Rxc5 28.Rd1 Qd8
29.Qh3+ f5 30.Qf3 e4 31.Qe2 Qc7 32.g3 Rc1 33.Rxc1 Qxc1+ 34.Kg2 Qc6 35.h4 a5
36.Qd2 Kf7 37.Qd4 Kg8 38.Qd8+ Kh7 39.Qxa5 f4 40.gxf4 Qe6 41.Qg5 Qa6 42.f5 gxf5
43.Qxf5+ Kh6 44.Qxe4 Qxa2 45.Qxb4 Qa8+ 46.Kg3 Qh1 47.Qf4+ Kh7 48.Qf5+ Kg7
49.Qf3 Qg1+ 50.Qg2 Qb1 51.Qb7+ Kh6 52.Qc6+ Kg7 53.Qd7+ Kf6 54.Qd4+ Kg6 55.Qd6+ Kg7
56.Qe5+ Kg6 57.Qg5+ Kf7 58.Qd5+ Kg6 59.Kg2 Qa1 60.b4 Kh6 61.b5 Qb2 62.Qg5+ Kh7
63.h5 Kh8 64.h6  1-0

[Event "ch-Euro Senior"]
[Site "Rogaska Slatina SLO"]
[Date "2009.07.22"]
[Round "1"]
[White "Grabow,P"]
[Black "Wicklund Hansen,R"]
[Result "1-0"]
[WhiteElo "2188"]
[BlackElo "1893"]

1.Nf3 d5 2.d4 Nf6 3.c4 e6 4.Nc3 c6 5.e3 Be7 6.b3 O-O 7.Bd3 Nbd7 8.Qc2 Re8
9.O-O dxc4 10.bxc4 b6 11.Ne5 Qc7 12.f4 Nf8 13.g4 N6d7 14.Be4 Bb7 15.Qg2 Nxe5
16.fxe5 Rab8 17.Bb2 Bg5 18.Rae1 c5 19.Nb5 Bxe4 20.Qxe4 Qd7 21.dxc5 bxc5 22.Rd1 Qc7
23.Nxc7  1-0

[Event "17th Open"]
[Site "Saint Affrique FRA"]
[Date "2009.07.22"]
[Round "6"]
[White "Villegas,P"]
[Black "Gozzoli,Y"]
[Result "0-1"]
[WhiteElo "2202"]
[BlackElo "2498"]

1.d4 d5 2.c4 e6 3.Nc3 c6 4.e3 Nf6 5.Nf3 Nbd7 6.Qc2 Bd6 7.g4 dxc4 8.Bxc4 e5
9.g5 Nd5 10.Ne4 Bc7 11.Bd2 exd4 12.Nxd4 Ne5 13.Be2 O-O 14.O-O-O Bb6 15.h4 Re8
16.Ng3 Bxd4 17.exd4 Ng4 18.Rhf1 f5 19.Bd3 g6 20.Ne2 Qd6 21.Bc4 Be6 22.Bxd5 Bxd5
23.Bf4 Qd7 24.Nc3 Re6 25.Qd2 Rae8 26.Rde1 Kf7 27.a3 Bf3 28.Rxe6 Qxe6 29.Rg1 Qc4
30.Be3 f4 31.Bxf4 Re2 32.b3 Rxd2 33.bxc4 Rxd4 34.Be3 Rxc4 35.Kd2 b6 36.Rg3 Ne5
37.Rh3 Bg4 38.Rh1 Bf5  0-1

[Event "13th Battle of Senta Open A"]
[Site "Senta SRB"]
[Date "2009.07.22"]
[Round "6"]
[White "Bodiroga,P"]
[Black "Galunov,T"]
[Result "0-1"]
[WhiteElo "2431"]
[BlackElo "2341"]

1.d4 d5 2.c4 c6 3.Nc3 Nf6 4.e3 e6 5.Nf3 Nbd7 6.Qc2 Bd6 7.g4 h6 8.h3 O-O 9.Bd2 dxc4
10.Bxc4 b5 11.Be2 Bb7 12.O-O-O b4 13.Na4 Qa5 14.Ne5 Nxe5 15.dxe5 Qxe5 16.f4 Qa5
17.Rhg1 c5 18.g5 hxg5 19.Rxg5 Be4 20.Bd3 Bxd3 21.Qxd3 Qxa4 22.Qxd6 Qxa2 23.Rgg1 Qa1+
24.Kc2 b3+ 25.Kd3 Qxb2 26.Bc3 c4+ 27.Kd4 Qxc3+ 28.Kxc3 Ne4+ 29.Kxc4 Nxd6+
30.Rxd6 Rab8 31.Rb1 Rfc8+ 32.Kd3 Rd8 33.Rxd8+ Rxd8+ 34.Kc3 Rc8+ 35.Kb2 Rc2+
36.Kxb3 Re2  0-1

[Event "ch-Africa"]
[Site "Tripoli LBA"]
[Date "2009.07.22"]
[Round "2"]
[White "Frhat,A"]
[Black "Salem,AliM"]
[Result "1/2-1/2"]
[WhiteElo "2397"]
[BlackElo "2131"]

1.Nf3 Nf6 2.d4 d5 3.c4 e6 4.Nc3 c6 5.e3 Nbd7 6.Bd3 dxc4 7.Bxc4 b5 8.Bd3 Bb7
9.a3 b4 10.Ne4 Nxe4 11.Bxe4 Nf6 12.Bd3 Qb6 13.O-O Be7 14.Bd2 O-O 15.axb4 Bxb4
16.Bxb4 Qxb4 17.Qc2 Rfc8 18.Ra3 Rc7 19.Rfa1 Qe7 20.Qc5 Qxc5 21.dxc5 Nd7 22.b4 Bc8
23.Nd4 Nf6 24.Bc4 g6 25.f4 Kg7 26.Nf3 a6 27.Rd1 Nd5 28.Bxd5 exd5 29.Nd4 Rb8
30.Ra4 Bd7 31.Rb1 Bc8 32.Kf2 h5 33.Ke1 h4 34.Kd2 h3 35.gxh3 Bb7 36.f5 Rh8
37.fxg6 Rxh3 38.Rh1 Bc8 39.Raa1 fxg6 40.Rxa6 Re7 41.Rxc6 Rexe3 42.Rc7+ Kf6
43.Rxc8 Rd3+ 44.Ke2 Rxd4 45.Rf1+ Kg7 46.b5 Rb4 47.Rf2 Rxb5 48.Kf1 Rc3 49.c6 Rbc5
50.Rc7+ Kh6 51.Rd7  1/2-1/2

[Event "Politiken Cup"]
[Site "Helsingor DEN"]
[Date "2009.07.23"]
[Round "7"]
[White "Ottosen,P"]
[Black "Gajic,Ml"]
[Result "0-1"]
[WhiteElo "2087"]
[BlackElo "2249"]

1.d4 d5 2.c4 c6 3.Nf3 Nf6 4.Nc3 e6 5.e3 Nbd7 6.Qc2 Bd6 7.Bd3 O-O 8.O-O h6
9.b3 b6 10.e4 dxe4 11.Nxe4 Nxe4 12.Bxe4 Bb7 13.Qe2 Qc7 14.Bb2 f5 15.Bc2 Rfe8
16.Ne5 Nf6 17.Rad1 Rad8 18.Rd3 c5 19.dxc5 bxc5 20.Rfd1 Be4 21.R3d2 Bxc2 22.Rxc2 Bxe5  0-1

[Event "Politiken Cup"]
[Site "Helsingor DEN"]
[Date "2009.07.23"]
[Round "7"]
[White "Petersen,Stee1"]
[Black "Madland,K"]
[Result "0-1"]
[WhiteElo "2152"]
[BlackElo "2017"]

1.d4 d5 2.Nf3 Nf6 3.c4 c6 4.Nc3 e6 5.e3 Nbd7 6.Qc2 Bd6 7.g4 dxc4 8.e4 e5
9.g5 exd4 10.Nxd4 Nh5 11.Bxc4 O-O 12.Nf5 Be5 13.Be3 Nb6 14.Bb3 Nf4 15.Bxf4 Bxf4
16.h4 Re8 17.Ne2 Qc7 18.Rd1 Be6 19.Rh3 Qe5 20.Rf3 Qa5+ 21.Kf1 Bc7 22.Nf4 Qb5+
23.Kg1 Bxb3 24.axb3 Rad8 25.Rxd8 Rxd8 26.Qc3 Rd1+ 27.Kh2 Be5 28.Ne7+ Kf8
29.Qc2 Qf1 30.Kg3 Kxe7 31.Qc5+ Bd6 32.Qf5 Qg1+ 33.Kh3 Qh1+ 34.Kg4 Rg1+ 35.Rg3 Rxg3+
36.fxg3 Qd1+ 37.Kh3 Bxf4 38.Qxf4 Qxb3  0-1

[Event "Politiken Cup"]
[Site "Helsingor DEN"]
[Date "2009.07.23"]
[Round "7"]
[White "Cmilyte,V"]
[Black "Thomassen,J"]
[Result "1/2-1/2"]
[WhiteElo "2470"]
[BlackElo "2300"]

1.Nf3 d5 2.d4 Nf6 3.c4 c6 4.Nc3 e6 5.e3 Nbd7 6.Bd3 dxc4 7.Bxc4 b5 8.Bd3 b4
9.Ne4 Bb7 10.a3 c5 11.Nxf6+ gxf6 12.O-O Qb6 13.axb4 cxd4 14.Nxd4 Bxb4 15.Bb5 Rg8
16.f3 Bd6 17.Qa4 Qc7 18.Bxd7+ Qxd7 19.Qxd7+ Kxd7 20.e4 a5 21.Be3 Rgc8 22.Rfd1 Ke7
23.Rdc1 a4 24.Nb5 Rxc1+ 25.Rxc1 Rc8 26.Ra1 Rc4 27.Nxd6 Kxd6 28.Rd1+ Ke7 29.Bb6 Rc8
30.Rd2 Ba6 31.Kf2 Kf8 32.g4 Bc4 33.Rd7 Bb5 34.Rd2 Bc4 35.Kg3 Kg7 36.f4 e5
37.f5 Bb5 38.Bd8 Rc6 39.Kh4 Bc4 40.Be7 Rc7 41.Bd8 Rc6 42.Kh5 h6 43.h4 Bb3
44.Rd7 Bc2 45.g5 hxg5 46.hxg5 fxg5 47.Kxg5 Bxe4 48.Bc7 Kg8 49.Bd6 Bb1 50.Be7 Rc1
51.Rd5 Rg1+ 52.Kf6 Rf1 53.Rxe5 Kh7 54.Bf8 Rf2 55.Ba3 Rf1 56.Bc5 Rf3 57.Bd4 Kh6
58.Ra5 Kh5 59.Bc3 Bc2 60.Bd2 Kg4 61.Kxf7  1/2-1/2

[Event "zt 3.3 w"]
[Site "Ho Chi Minh City VIE"]
[Date "2009.07.23"]
[Round "2"]
[White "Perena,C"]
[Black "Nguyen Quynh Anh"]
[Result "1/2-1/2"]
[WhiteElo "2092"]
[BlackElo "2102"]

1.d4 d5 2.c4 e6 3.Nc3 c6 4.e3 Nf6 5.Nf3 Nbd7 6.Bd3 dxc4 7.Bxc4 b5 8.Be2 a6
9.e4 c5 10.e5 Nd5 11.a4 Nxc3 12.bxc3 Rb8 13.axb5 axb5 14.Bg5 Be7 15.Bxe7 Qxe7
16.O-O O-O 17.Ra5 b4 18.dxc5 Nxc5 19.cxb4 Rxb4 20.Qc2 Nb3 21.Ra3 Nd4 22.Nxd4 Rxd4
23.Rh3 h6 24.Qc3 Rh4 25.Rxh4 Qxh4 26.Qc7 Qa4 27.Rc1 Ba6 28.Bxa6 Qxa6 29.h3 Ra8
30.Rd1 Qe2 31.Rd8+ Rxd8 32.Qxd8+ Kh7 33.Qd4  1/2-1/2

[Event "Quebec Open"]
[Site "Montreal CAN"]
[Date "2009.07.23"]
[Round "7"]
[White "Malaniuk,V"]
[Black "Jiang,L"]
[Result "1-0"]
[WhiteElo "2563"]
[BlackElo "2250"]

1.d4 d5 2.c4 e6 3.Nf3 Nf6 4.Nc3 c6 5.e3 Nbd7 6.Qc2 Bd6 7.Bd3 dxc4 8.Bxc4 b5
9.Be2 Bb7 10.O-O O-O 11.Rd1 Qc7 12.e4 e5 13.Bg5 b4 14.Bxf6 Nxf6 15.dxe5 Bxe5
16.Na4 Qe7 17.Qc5 Rae8 18.Nxe5 Qxe5 19.Qxe5 Rxe5 20.f3 a5 21.Rac1 Bc8 22.b3 Rfe8
23.Rxc6 h5 24.h4 Be6 25.Nb2 Bd5 26.Rc7 R5e7 27.Rxe7 Rxe7 28.Bb5 Be6 29.Rd8+ Kh7
30.Ra8 Rc7 31.Bc4 Rc5 32.Nd3 Rc8 33.Rxc8 Bxc8 34.Bxf7 Kh6 35.e5 Nh7 36.e6 Nf6
37.Ne5  1-0

[Event "2nd Open"]
[Site "Paleohora GRE"]
[Date "2009.07.23"]
[Round "4"]
[White "Kharitonov,Alexandr"]
[Black "Zournatsidis,E"]
[Result "1-0"]
[WhiteElo "2534"]
[BlackElo "2128"]

1.d4 d5 2.c4 c6 3.Nc3 Nf6 4.e3 e6 5.Nf3 Bd6 6.Bd3 Nbd7 7.O-O O-O 8.e4 dxe4
9.Nxe4 Nxe4 10.Bxe4 g6 11.Bg5 Be7 12.h4 Re8 13.Qd2 f6 14.Bh6 f5 15.Bc2 c5
16.Ba4 Qc7 17.dxc5 Bxc5 18.Rad1 Re7 19.b4 b5 20.Bxb5 a6 21.Ba4 Ba7 22.c5 Nf8
23.Bf4 Qb7 24.Ne5 Bb8 25.Bc6 Qa7 26.Bxa8 Qxa8 27.Qd8  1-0

[Event "ch-Euro Senior"]
[Site "Rogaska Slatina SLO"]
[Date "2009.07.23"]
[Round "2"]
[White "Kulago,A"]
[Black "Nikolic,Stank"]
[Result "0-1"]
[WhiteElo "2144"]
[BlackElo "1922"]

1.d4 d5 2.c4 e6 3.Nc3 c6 4.Nf3 Nf6 5.e3 Nbd7 6.Qc2 b6 7.Bd3 Bb7 8.O-O Qc7
9.b3 Bd6 10.e4 dxe4 11.Nxe4 Nxe4 12.Bxe4 Nf6 13.Ne5 Nxe4 14.Qxe4 O-O 15.Bf4 c5
16.Qe3 cxd4 17.Qxd4 f6 18.Ng6 e5 19.Qd3 hxg6 20.Be3 e4 21.Qc2 Bxh2+ 22.Kh1 Be5
23.Rac1 f5 24.c5 Qe7 25.g3 f4 26.Qc4+ Rf7 27.c6 Bc8 28.Bd2 Bf5 29.Kg2 f3+
30.Kg1 Qc7 31.Kh2 Qe7 32.Rh1 Rd8 33.Be3 Bc7 34.b4 Rd3 35.b5 Rxe3  0-1

[Event "ch-Euro Senior"]
[Site "Rogaska Slatina SLO"]
[Date "2009.07.23"]
[Round "2"]
[White "Hohler,P"]
[Black "Schwertel,J"]
[Result "1-0"]
[WhiteElo "2228"]
[BlackElo "2007"]

1.d4 d5 2.c4 c6 3.e3 e6 4.Nc3 Nf6 5.Nf3 Nbd7 6.Bd3 Be7 7.O-O Nb6 8.Ne5 Nxc4
9.Nxc4 dxc4 10.Bxc4 O-O 11.Qe2 Nd5 12.Rd1 Qc7 13.e4 Nf4 14.Qf3 Ng6 15.Be3 e5
16.d5 cxd5 17.Bxd5 a6 18.Na4 Qa5 19.Nb6 Rb8 20.a3 Nf4 21.Bc4 Bc5 22.b4 Qxb6
23.Bxc5 Qc7 24.Bxf8 Kxf8 25.Bf1 Be6 26.Qe3 f6 27.Qc5+ Qe7 28.Rac1 Re8 29.Qd6 Bb3
30.Rc7 Qxd6 31.Rxd6 Ne6 32.Rc3 Ba4 33.Rd2 Bc6 34.Bxa6 Bxe4 35.Bb5 Ra8 36.f3 Bg6
37.Kf2 Nd4 38.Bd3 b5 39.Bxg6 hxg6 40.f4 Ke7 41.Re3 Nf5 42.Re1 Ke6 43.fxe5 fxe5
44.Rde2 Rxa3 45.Rxe5+ Kf6 46.Rxb5 Ra2+ 47.Kf1 Rb2 48.g4 Nd4 49.g5+ Kf7 50.Rb7+ Kf8
51.Ra1 Kg8 52.Ra8+ Kh7 53.Rbb8 Rb1+ 54.Kf2 Rb2+ 55.Ke3 Nf5+ 56.Kd3 Rb3+ 57.Kc4  1-0

[Event "Najdorf Mem GMA"]
[Site "Warsaw POL"]
[Date "2009.07.23"]
[Round "6"]
[White "Sasikiran,K"]
[Black "Nyback,T"]
[Result "1-0"]
[WhiteElo "2669"]
[BlackElo "2627"]

1.d4 d5 2.c4 c6 3.Nf3 Nf6 4.Nc3 e6 5.e3 Nbd7 6.Qc2 Bd6 7.Bd3 O-O 8.O-O dxc4
9.Bxc4 a6 10.Rd1 b5 11.Be2 Qc7 12.e4 e5 13.h3 exd4 14.Nxd4 Re8 15.a3 Be5
16.Bf3 c5 17.Nf5 Nb6 18.a4 b4 19.a5 bxc3 20.axb6 Qxb6 21.bxc3 Bb7 22.Rb1 Qc7
23.Rxb7 Qxb7 24.Nd6 Bxd6 25.e5 Qc8 26.exd6 Ra7 27.Qa4 Rd8 28.Bf4 a5 29.Rb1 Ra6
30.Rb7 Qf5 31.Qc4 Kh8 32.g4  1-0

[Event "XXVII Andorra Open"]
[Site "Arinsal AND"]
[Date "2009.07.24"]
[Round "7"]
[White "Arizmendi Martinez,J"]
[Black "Van Kampen,R"]
[Result "1-0"]
[WhiteElo "2528"]
[BlackElo "2383"]

1.Nf3 d5 2.c4 c6 3.e3 Nf6 4.Nc3 e6 5.d4 Nbd7 6.Qc2 Bd6 7.Be2 O-O 8.O-O dxc4
9.Bxc4 a6 10.a4 c5 11.dxc5 Bxc5 12.e4 Qc7 13.Qe2 Ng4 14.Ba2 b6 15.h3 Nge5
16.Nxe5 Nxe5 17.Bf4 Bb7 18.Rac1 Bc6 19.Qh5 Bd6 20.Nd5 exd5 21.exd5 Rac8 22.Bxe5 Bxe5
23.Rxc6 Qb8 24.Qe2 a5 25.Qb5 Rxc6 26.dxc6 Bc7 27.Rd1 Qe8 28.g3 Kh8 29.Rd7 Qe1+
30.Qf1 Qe5 31.Qc4 f5 32.Qe6 h6 33.Qxe5 Bxe5 34.c7 Bf6 35.Rf7  1-0

[Event "MTO"]
[Site "Biel SUI"]
[Date "2009.07.24"]
[Round "5"]
[White "Pelletier,Y"]
[Black "Roiz,M"]
[Result "1/2-1/2"]
[WhiteElo "2574"]
[BlackElo "2658"]

1.d4 d5 2.c4 c6 3.Nf3 Nf6 4.Nc3 e6 5.e3 Nbd7 6.Qc2 Bd6 7.Bd3 dxc4 8.Bxc4 O-O
9.O-O a6 10.Re1 b5 11.Be2 Qc7 12.e4 e5 13.g3 Re8 14.dxe5 Nxe5 15.Bg5 Nxf3+
16.Bxf3 Ng4  1/2-1/2

[Event "MTO"]
[Site "Biel SUI"]
[Date "2009.07.24"]
[Round "5"]
[White "Rodshtein,M"]
[Black "Grachev,B"]
[Result "0-1"]
[WhiteElo "2623"]
[BlackElo "2669"]

1.d4 d5 2.Nf3 Nf6 3.c4 c6 4.Nc3 e6 5.e3 Nbd7 6.Qc2 Bd6 7.Bd3 dxc4 8.Bxc4 b5
9.Be2 Bb7 10.O-O O-O 11.Rd1 Qc7 12.e4 e5 13.Bg5 Rfe8 14.dxe5 Nxe5 15.Bxf6 Nxf3+
16.Bxf3 gxf6 17.g3 Rad8 18.Bg4 Be5 19.Bf5 Bc8 20.Bxc8 Qxc8 21.Rxd8 Rxd8 22.Nd1 Bd4
23.Rc1 Rd6 24.Nc3 Qg4 25.Kg2 Bxc3 26.bxc3 Qd7 27.Qe2 Rd2 28.Qf3 Kg7 29.a3 a5
30.h4 Rd3 31.Qe2 c5 32.Qh5 Qe6 33.Qxc5 Qxe4+ 34.Kg1 Rd5 35.Qb6 a4 36.Qa5 h5
37.Qb4 Qe2 38.Rb1 Qa2 39.Rf1 Qe2 40.Rb1 Qc2 41.Rf1 Re5 42.Kg2 Qa2 43.Rd1 Rf5
44.Rf1 Qd5+ 45.Kg1 Re5 46.Qd4 Qf3 47.Qb4 Rf5 48.Qd4 Rd5 49.Qb4 Qe2 50.Rb1 Rd2
51.Qc5 Qf3 52.Rf1 Rb2 53.Rc1 Qe2 54.Kg2 Rb3 55.Kg1 Qe5 56.Qxe5 fxe5 57.c4 bxc4
58.Rxc4 Rxa3 59.Kg2 Kg6 60.f4 f6 61.fxe5 fxe5 62.Rc6+ Kg7 63.Rc5 Ra2+ 64.Kf3 Kf6
65.Rc6+ Kf5 66.Rh6 e4+ 67.Ke3 Ra3+ 68.Kf2 Kg4 69.Rg6+ Kh3 70.Rg5 Ra1  0-1

[Event "Politiken Cup"]
[Site "Helsingor DEN"]
[Date "2009.07.24"]
[Round "8"]
[White "Knudsen,Jo2"]
[Black "Rasmussen,M2"]
[Result "0-1"]
[WhiteElo "1787"]
[BlackElo "1958"]

1.d4 d5 2.c4 c6 3.Nf3 Nf6 4.Nc3 e6 5.e3 Nbd7 6.Qc2 Bd6 7.b3 e5 8.cxd5 Nxd5
9.Nxd5 cxd5 10.dxe5 Nxe5 11.Nd4 Bd7 12.Bd2 Qf6 13.Bc3 Rc8 14.Qb2 Qe7 15.Be2 Rxc3
16.O-O Rc8 17.Rfe1 O-O 18.Nf3 Nxf3+ 19.Bxf3 Be5 20.Qd2 Bxa1 21.Rxa1 Be6  0-1

[Event "Politiken Cup"]
[Site "Helsingor DEN"]
[Date "2009.07.24"]
[Round "8"]
[White "Jorgensen,A"]
[Black "Andersen,G"]
[Result "1/2-1/2"]
[WhiteElo "1965"]
[BlackElo "1794"]

1.d4 d5 2.Nf3 Nf6 3.c4 c6 4.e3 e6 5.Nc3 Nbd7 6.Bd3 dxc4 7.Bxc4 b5 8.Be2 a6
9.O-O Bb7 10.b3 c5 11.Bb2 Qc7 12.Rc1 Rd8 13.Qc2 Qb8 14.h3 Bd6 15.Rfd1 O-O
16.Ba1 Rc8 17.Qd2 Rfd8 18.Qe1 cxd4 19.Rxd4 e5 20.Rdd1 Bb4 21.Qf1 Ba3 22.Rb1 b4
23.Na4 Rc2 24.Rd2 Rdc8 25.Rbd1 Rc1 26.Rxc1 Rxc1 27.Rd1 Rc2 28.Bxa6 Bc6 29.Bc4 Ne4
30.Qd3 Rxf2 31.Bxe5 Qe8 32.Bf4 Rxa2 33.Bd5 Nf2 34.Qc4 Nxd1 35.Bxc6 Nxe3 36.Qd3 Ra1+
37.Kf2 Rd1 38.Qxe3 Qxe3+ 39.Bxe3 Nf6 40.Ke2 Rd6 41.Nd4 Bc1 42.Bxc1 Rxd4 43.Bf3 Kf8
44.Nc5 Nd5 45.Bb2 Nc3+ 46.Ke3 Rd6 47.Nd3 Nd5+ 48.Kf2 Nf4 49.Bxg7+ Kxg7 50.Nxf4 Kf6
51.g3 Ke5 52.Ke3 Rd8 53.Be2 Rc8 54.Bc4 Rc7 55.Nd3+ Kd6 56.Nxb4 Re7+ 57.Kf4 f6
58.Nd3 Rg7 59.Nf2 Ra7 60.Ne4+ Ke7 61.g4 Ra5 62.Nc3 Kf8 63.h4 Kg7 64.Nd5 Rc5
65.Ne7 Kf8 66.Nf5 Ra5 67.h5 Ra2 68.b4 Ra4 69.Ne3 Rxb4 70.Kf5 Rb6 71.h6 Rc6
72.Be6 Rc3 73.Nd5 Rh3 74.Nxf6 Rxh6 75.Ne4 Kg7 76.Bd5 Ra6 77.Kf4 Ra5 78.Be6 h6
79.Bf5 Rb5 80.Ng3 Rb4+ 81.Ne4 Ra4 82.Kg3 Ra3+ 83.Kh4 Ra2 84.Nc5 Rh2+ 85.Kg3 Rh1
86.Ne4 h5 87.Kg2 Rh4 88.Kg3 Rxg4+ 89.Bxg4 hxg4 90.Kxg4  1/2-1/2

[Event "Politiken Cup"]
[Site "Helsingor DEN"]
[Date "2009.07.24"]
[Round "8"]
[White "Henrichsen,J"]
[Black "Haarr,J"]
[Result "0-1"]
[WhiteElo "1963"]
[BlackElo "2110"]

1.d4 d5 2.c4 c6 3.Nf3 Nf6 4.Nc3 e6 5.e3 Nbd7 6.Bd3 dxc4 7.Bxc4 b5 8.Bd3 Bb7
9.e4 b4 10.Na4 c5 11.d5 exd5 12.e5 Ne4 13.e6 fxe6 14.Bxe4 dxe4 15.Ng5 Bd5
16.Qh5+ g6 17.Qh3 Qf6 18.O-O h6 19.Qg3 hxg5 20.Bxg5 Qf5  0-1

[Event "Politiken Cup"]
[Site "Helsingor DEN"]
[Date "2009.07.24"]
[Round "8"]
[White "Pedersen,Stef"]
[Black "Agrest,E"]
[Result "0-1"]
[WhiteElo "2435"]
[BlackElo "2590"]

1.d4 d5 2.c4 c6 3.Nc3 Nf6 4.e3 e6 5.Nf3 Nbd7 6.Qc2 Bd6 7.g4 h6 8.h3 a6 9.Bd2 dxc4
10.e4 Be7 11.Bxc4 b5 12.Be2 Bb7 13.e5 b4 14.exf6 bxc3 15.bxc3 gxf6 16.Rb1 Ra7
17.Bd3 h5 18.Rg1 hxg4 19.hxg4 c5 20.Be4 Qc7 21.Ke2 cxd4 22.Rxb7 Rxb7 23.Bxb7 Qxb7
24.cxd4 Rh3 25.Qb3 Qe4+ 26.Qe3 Qc6 27.Qb3 Nb6 28.Rc1 Qe4+ 29.Qe3 Qxg4 30.Rc6 Nd5
31.Qd3 Kf8 32.Rc8+ Kg7 33.Rc1 Qh5 34.Rg1+ Kf8 35.Rg3 Rxg3 36.fxg3 Qh3 37.Kf2 Bd6
38.Ne1 f5 39.Qf3 Nf6 40.Bf4 Ne4+ 41.Ke3 Bb4 42.Ke2 Bxe1 43.Kxe1 Kg8 44.a3 Qh2
45.Kf1 Qb2 46.g4 Qa1+ 47.Kg2 Qa2+ 48.Kf1 Qd5 49.Ke1 Nf6  0-1